Statistiken für Liedtext - Was habt ihr gedacht - Wincent Weiss

Klicken Sie hier um das Quiz zu spielen!

Allgemein

  • Dieses Quiz wurde 127 mal gespielt
  • Das Durchschnittsergebnis liegt bei 212 aus 275

Antwortstatistiken

Textquiz% Korrekt
da
94%
habt
94%
ihr
94%
Ihr
94%
was
94%
das
92%
gedacht
92%
ich
92%
Ich
92%
du
91%
mir
90%
den
88%
mit
88%
Und
88%
und
88%
es
87%
nicht
87%
mach
86%
die
85%
lieb
85%
zu
85%
so
83%
will
83%
mich
82%
von
82%
Wenn
82%
Der
81%
noch
81%
sie
81%
aber
79%
dass
79%
haben
79%
Liebe
79%
an
78%
doch
78%
nichts
78%
Wo
78%
wo
78%
ist
77%
Ja
77%
ja
77%
niemand
77%
Sag
77%
soll
77%
auf
76%
dem
76%
in
76%
kalt
76%
macht
76%
war
76%
willst
76%
bekomm
74%
Gold
74%
hast
74%
hat
74%
hör
74%
kann
74%
viel
74%
Ey
73%
machen
73%
oder
73%
Denkt
72%
gefragt
72%
geh
72%
lässt
72%
nein
72%
nur
72%
Platin
72%
aus
71%
einfach
71%
gab
71%
sich
71%
Tag
71%
fang
69%
Jetzt
69%
jetzt
69%
klar
69%
Leben
69%
niemals
69%
sagen
69%
gewollt
68%
hier
68%
kennt
68%
laut
68%
steh
68%
damit
67%
Erfolg
67%
für
67%
Nacht
67%
wart
67%
werde
67%
Geld
65%
mehr
65%
veränder
65%
Also
64%
niemandem
64%
Sondern
64%
Beste
63%
Jahre
63%
käm
63%
Käm
63%
Leute
63%
mei'm
63%
Schon
63%
bunt
62%
fass
62%
raus
62%
sitz
62%
zusehen
62%
Drei
59%
lange
59%
nah
59%
neue
59%
Stadt
59%
steht
59%
gestern
58%
Neuer
58%
wird
58%
geschlafen
56%
Keiner
56%
reden
56%
diese
55%
eiskalt
54%
einschlaf
53%
neben
53%
Preis
53%
Bevor
51%
genomm'n
51%
Applaus
50%
Rausch
50%
Sprech
49%
Scheißangst
44%

Verteilung der Resultate

Perzentil nach korrekt beantworteten Fragen

Anzahl Personen mit jedem Resultat

Ihre Resultats-Entwicklung

Sie haben dieses Quiz noch nicht gespielt